| 000 | 00527nam a22001817a 4500 | ||
|---|---|---|---|
| 005 | 20230403160757.0 | ||
| 008 | 230401b |||||||| |||| 00| 0 eng d | ||
| 020 | _a978-1420086454 | ||
| 041 | _aeng | ||
| 082 | _a615.19 NEM-P | ||
| 100 |
_aNEMA,SANDEEP AND LUDWIG, JOHN D. _97742 |
||
| 245 | _aPHARMACEUTICAL DOSAG FORMS : PARENTERAL MEDICATION VOL-2 FACILITY DESIGN,STERILIZATION AND PROCESSING | ||
| 250 | _a3rd ed. | ||
| 260 | _bINFORMA | ||
| 300 | _a396;P. | ||
| 650 |
_aPHARMACY _xB. PHARMA _97743 |
||
| 942 | _cBK | ||
| 999 |
_c8282 _d8280 |
||